| 000 | 01169nam a2200253Ia 4500 | ||
|---|---|---|---|
| 999 |
_c34482 _d34482 |
||
| 001 | 231 | ||
| 003 | GE_BSU | ||
| 005 | 20220927154710.0 | ||
| 008 | 181216s2010||||ge |||||||||||||| ||geo|| | ||
| 020 | _a9789941912511 | ||
| 040 | _cGE_BSU | ||
| 041 | _ageo | ||
| 080 | _a330.131.7+368(075.8) ბ-48 | ||
| 100 |
_aბენიძე, ნანა _914860 |
||
| 245 |
_aრისკები და დაზღვევა / _cნანა ბენიძე, ნანა შონია, ჯამბულ ბიწაძე ; [რედ. მერაბ ჯულაყიძე]. |
||
| 264 |
_aთბილისი : _b[ინოვაცია], _c2010. |
||
| 300 |
_a467 გვ.: _bნახ., ცხრ. ; _c 20 სმ. |
||
| 653 | _aეკონომიკური რისკი. | ||
| 653 | _aსოციალური დაზღვევა საქართველოში. | ||
| 700 |
_aშონია, ნანა _eავტორი _913905 |
||
| 700 |
_aბიწაძე, ჯამბულ _eავტორი _914861 |
||
| 700 |
_aჯულაყიძე, მერაბ _eრედაქტორი _95056 |
||
| 942 |
_cBK _2udc |
||